000
00211nam a22000857a 4500
008
161201b xxu||||| |||| 00| 0 eng d
100
_9
1682
_a
Rao.C
245
_a
Dusty the dachshund
260
_a
New Delhi
_b
N.D CBT
_c
2007
999
_c
4393
_d
4393